000 00219 a2200085 4500
020 _a9780300276732
100 _a Diane Ghirardo
245 _aAldo Rossi and the Spirit of Architecture
260 _bYale University Press
_c2024
999 _c13346
_d13346